Catholic University of Zimbabwe Library
Online Public Access Catalogue
(OPAC)

EIB Working Papers 2019/09 - The impact of international financial institutions on small and medium enterprises (Record no. 32550)

MARC details
000 -LEADER
fixed length control field 02370nam a22004217a 4500
003 - CONTROL NUMBER IDENTIFIER
control field KnowledgeUnlatched
005 - DATE AND TIME OF LATEST TRANSACTION
control field 20210303104748.0
006 - FIXED-LENGTH DATA ELEMENTS--ADDITIONAL MATERIAL CHARACTERISTICS
fixed length control field m o d
007 - PHYSICAL DESCRIPTION FIXED FIELD--GENERAL INFORMATION
fixed length control field cr u||||||||||
008 - FIXED-LENGTH DATA ELEMENTS--GENERAL INFORMATION
fixed length control field 210129p20192020xx o u00| u eng d
037 ## - SOURCE OF ACQUISITION
Institution to which field applies BiblioBoard
020 ## - INTERNATIONAL STANDARD BOOK NUMBER
International Standard Book Number 9789286143519
024 8# - OTHER STANDARD IDENTIFIER
Standard number or code https://doi.org/10.2867/122684
029 1# - OTHER SYSTEM CONTROL NUMBER (OCLC)
OCLC library identifier https://library.biblioboard.com/ext/api/media/5c0949ba-8dfc-4525-a3d4-1b98f384731f/assets/thumbnail.jpg
040 ## - CATALOGING SOURCE
Original cataloging agency ScCtBLL
Transcribing agency ScCtBLL
100 1# - MAIN ENTRY--PERSONAL NAME
Personal name Petriček, Matic
Relator term author.
245 00 - TITLE STATEMENT
Title EIB Working Papers 2019/09 - The impact of international financial institutions on small and medium enterprises
Remainder of title The case of EIB lending in Central and Eastern Europe /
Statement of responsibility, etc. Matic Petriček, European Investment Bank, Anton Rop, Áron Gereben, Adalbert Winkler.
Number of part/section of a work Volume 2019/9
264 #1 - PRODUCTION, PUBLICATION, DISTRIBUTION, MANUFACTURE, AND COPYRIGHT NOTICE
Name of producer, publisher, distributor, manufacturer European Investment Bank,
300 ## - PHYSICAL DESCRIPTION
Extent 1 online resource (1 p.)
490 1# - SERIES STATEMENT
Series statement EIB Working Papers
506 0# - RESTRICTIONS ON ACCESS NOTE
Terms governing access Access copy available to the general public.
Standardized terminology for access restriction Unrestricted
Source of term star
520 ## - SUMMARY, ETC.
Summary, etc. IFIs provide funding for SMEs, but what impact does this actually have on these firms? This working paper assesses the impact of funding by the EIB on the performance of more than 5,000 SMEs in eight countries in Central and Eastern Europe during 2008-2014. Using propensity score matching and difference-in-difference estimation exercises, it indicates that EIB lending has had a positive effect on employment, revenues and profitability. This holds whether or not the economy is in a period of crisis or recovery.
588 0# - SOURCE OF DESCRIPTION NOTE
Source of description note Description based on print version record.
590 ## - LOCAL NOTE (RLIN)
Local note KU Open Services
650 #7 - SUBJECT ADDED ENTRY--TOPICAL TERM
Topical term or geographic name entry element Business & Economics / Finance
Source of heading or term bisacsh
650 #0 - SUBJECT ADDED ENTRY--TOPICAL TERM
Topical term or geographic name entry element Economics
655 #0 - INDEX TERM--GENRE/FORM
Genre/form data or focus term Electronic books.
700 1# - ADDED ENTRY--PERSONAL NAME
Personal name European Investment Bank
Relator term editor.
700 1# - ADDED ENTRY--PERSONAL NAME
Personal name Rop, Anton
Relator term author.
700 1# - ADDED ENTRY--PERSONAL NAME
Personal name Gereben, Áron
Relator term author.
700 1# - ADDED ENTRY--PERSONAL NAME
Personal name Winkler, Adalbert
Relator term author.
758 ## -
-- Is found in:
-- Knowledge Unlatched
-- https://openresearchlibrary.org/module/2774bc74-146a-484f-a7ba-ab1d6a09bbfb
830 0# - SERIES ADDED ENTRY--UNIFORM TITLE
Uniform title EIB Working Papers
856 40 - ELECTRONIC LOCATION AND ACCESS
Uniform Resource Identifier <a href="https://openresearchlibrary.org/content/5c0949ba-8dfc-4525-a3d4-1b98f384731f">https://openresearchlibrary.org/content/5c0949ba-8dfc-4525-a3d4-1b98f384731f</a>
Public note View this content on Open Research Library.
-- 0
Holdings
Withdrawn status Lost status Source of classification or shelving scheme Damaged status Not for loan Home library Current library Shelving location Date acquired Total Checkouts Date last seen Uniform Resource Identifier Price effective from Koha item type
          Digital Library Digital Library Online Access 03.03.2021   03.03.2021 https://openresearchlibrary.org/content/5c0949ba-8dfc-4525-a3d4-1b98f384731f 03.03.2021 eBook

OPENING HOURS

Weekdays: 0815hrs - 1800hrs
Weekends:0900hrs - 1200hrs

Closed for Mass:

Mon, Thur: 1200hrs - 1300hrs
Sunday & Public Holiday’s

CALL SUPPORT

0242-570570, 0242-570169
09200664, +263 8644140602

LOCATION

18443, Cranborne Avenue, Hatfield, Harare

Other Links


©2021 | CUZ Library